000 00743nab a2200193 4500
001 244442
003 OSt
005 20230516093721.0
007 tu
008 200917s2020|||||||
040 _aDE-2950
_cDE-2950
245 0 0 _aDrogen, Schulden und Menschenraub.
_bProzess. Seit nunmehr vier Jahren beschäftigt der Fall eines Mannes aus Beeskow die Polizei in Fürstenwalde und Frankfurt. Das Urteil für die Beihilfe ist bereits gesprochen. Für das Opfer ist der Fall jedoch noch nicht abgeschlossen /
_cJoachim Eggers
264 _c2023
653 _aFrankfurt (Oder)
653 _aKriminalität
653 _averschiedene Sportarten
773 0 _g34. Jahrgang (2023) Nr. 104 vom 05.05.2023, S. 17
_tMärkische Oderzeitung
942 _2z
_cA
999 _c372450
_d372450